[Event "Wloclawek CC Classic 18th"]
[Site "Wloclawek"]
[Date "2017.??.??"]
[Round "7"]
[White "Lyczko, Piotr"]
[Black "Rojewski, Franciszek"]
[Result "0-1"]
[WhiteElo "1400"]
[BlackElo "1091"]
[PlyCount "62"]
[EventDate "2017.04.??"]
[EventType "swiss"]
[EventRounds "7"]
[EventCountry "POL"]
[SourceTitle "EXT 2021"]
[Source "ChessBase"]
[SourceDate "2020.10.23"]
[SourceVersion "1"]
[SourceVersionDate "2020.10.23"]
[SourceQuality "1"]

1. e4 e5 2. Nf3 Nf6 3. Nxe5 d6 4. Nf3 Nxe4 5. d3 Nf6 6. Bg5 Be7 7. h3 0-0 8. Nc3 h6 9. Bh4 Re8 10. Be2 Nc6 11. Qd2 Be6 12. 0-0-0 Nd5 13. Bg3 Nxc3 14. Qxc3 Bg5+ 15. Nxg5 Qxg5+ 16. Kb1 Bxa2+ 17. Kxa2 Rxe2 18. Rhe1 Rxe1 19. Rxe1 Qd5+ 20. Qb3 Qa5+ 21. Qa3 Qxe1 22. Qb3 Qe6 23. Qxe6 fxe6 24. f4 Nd4 25. Kb1 Rf8 26. Bh2 Ne2 27. g3 g5 28. c3 gxf4 29. gxf4 Nxf4 30. Bxf4 Rxf4 31. d4 Rh4 0-1

[Event "Wloclawek CC Classic 18th"]
[Site "Wloclawek"]
[Date "2017.??.??"]
[Round "2"]
[White "Rojewski, Franciszek"]
[Black "Olechnicki, Krzysztof"]
[Result "0-1"]
[WhiteElo "1091"]
[BlackElo "1352"]
[PlyCount "92"]
[EventDate "2017.04.??"]
[EventType "swiss"]
[EventRounds "7"]
[EventCountry "POL"]
[SourceTitle "EXT 2021"]
[Source "ChessBase"]
[SourceDate "2020.10.23"]
[SourceVersion "1"]
[SourceVersionDate "2020.10.23"]
[SourceQuality "1"]

1. e4 e6 2. d4 d5 3. e5 c5 4. c3 Nc6 5. Nf3 Qb6 6. Bd3 Bd7 7. Be2 cxd4 8. cxd4 Bb4+ 9. Bd2 Nxd4 10. Bxb4 Nxf3+ 11. Bxf3 Qxb4+ 12. Qd2 Qb6 13. 0-0 Ne7 14. Nc3 Ng6 15. Rfe1 a6 16. g3 Qc7 17. Qd4 Rc8 18. Bh5 Ne7 19. Na4 Nc6 20. Qc5 Nxe5 21. Qxc7 Rxc7 22. Rac1 Rxc1 23. Rxc1 0-0 24. Nb6 Bc6 25. Be2 d4 26. f4 d3 27. fxe5 dxe2 28. Kf2 f6 29. exf6 Rxf6+ 30. Kxe2 e5 31. Ke1 Kf7 32. Nc4 Ke6 33. Na5 Bd5 34. Rc7 Rf7 35. Rxf7 Kxf7 36. b3 Ke6 37. Ke2 Kd6 38. a3 Kc5 39. Kd3 b6 40. Nc4 e4+ 41. Ke3 Bxc4 42. bxc4 Kxc4 43. Kxe4 Kb3 44. Kd5 Kxa3 45. Kc6 b5 46. Kb6 b4 0-1

[Event "Wloclawek CC Classic 09th"]
[Site "Wloclawek"]
[Date "2014.??.??"]
[Round "3"]
[White "Rojewski, Franciszek"]
[Black "Felski, Krzysztof"]
[Result "0-1"]
[WhiteElo "1200"]
[BlackElo "1800"]
[PlyCount "70"]
[EventDate "2014.03.??"]
[EventType "swiss"]
[EventRounds "7"]
[EventCountry "POL"]
[SourceTitle "EXT 2021"]
[Source "ChessBase"]
[SourceDate "2020.10.23"]
[SourceVersion "1"]
[SourceVersionDate "2020.10.23"]
[SourceQuality "1"]

1. e4 e5 2. Nf3 Nc6 3. Nc3 Nf6 4. Bb5 d6 5. h3 Bd7 6. Bxc6 Bxc6 7. d3 Be7 8. Be3 0-0 9. 0-0 Re8 10. a4 a5 11. Re1 Bf8 12. Bg5 h6 13. Bxf6 Qxf6 14. d4 exd4 15. Qxd4 Qxd4 16. Nxd4 Bd7 17. Ndb5 Bxb5 18. axb5 b6 19. Nd5 Rec8 20. c4 Rab8 21. f4 c6 22. Nc3 cxb5 23. Nxb5 Rxc4 24. b3 Rb4 25. Nc7 Rxb3 26. e5 Rc8 27. exd6 Bxd6 28. Re8+ Rxe8 29. Nxe8 Bxf4 30. g4 Re3 31. Rb1 Rxe8 32. Rxb6 Ra8 33. Rb3 a4 34. Ra3 Bd6 35. Ra2 a3 0-1

[Event "Wloclawek CC Classic 09th"]
[Site "Wloclawek"]
[Date "2014.??.??"]
[Round "4"]
[White "Sztuka, Cezary"]
[Black "Rojewski, Franciszek"]
[Result "1-0"]
[WhiteElo "1400"]
[BlackElo "1200"]
[PlyCount "63"]
[EventDate "2014.03.??"]
[EventType "swiss"]
[EventRounds "7"]
[EventCountry "POL"]
[SourceTitle "EXT 2021"]
[Source "ChessBase"]
[SourceDate "2020.10.23"]
[SourceVersion "1"]
[SourceVersionDate "2020.10.23"]
[SourceQuality "1"]

1. e4 e5 2. Bc4 Nf6 3. d3 a6 4. Nf3 Bd6 5. 0-0 0-0 6. Re1 h6 7. d4 Re8 8. Nc3 Bb4 9. dxe5 Bxc3 10. bxc3 Nh7 11. Re3 d6 12. exd6 Qxd6 13. Qe2 Nc6 14. Bb2 Be6 15. Bd3 b5 16. Nd4 Nxd4 17. cxd4 c6 18. e5 Qb4 19. c3 Qa5 20. Rg3 b4 21. Qe4 g6 22. Bc1 bxc3 23. Rxg6+ fxg6 24. Qxg6+ Kf8 25. Bxh6+ Ke7 26. Qxh7+ Bf7 27. Bg5+ Kd7 28. Qxf7+ Kc8 29. Qxe8+ Kb7 30. Rb1+ Qb6 31. Qd7+ Kb8 32. Rxb6# 1-0

[Event "Wloclawek CC Classic 07th"]
[Site "Wloclawek"]
[Date "2013.??.??"]
[Round "6"]
[White "Felski, Krzysztof"]
[Black "Rojewski, Franciszek"]
[Result "1-0"]
[WhiteElo "1600"]
[BlackElo "1000"]
[PlyCount "81"]
[EventDate "2013.04.??"]
[EventType "swiss"]
[EventRounds "7"]
[EventCountry "POL"]
[SourceTitle "EXT 2021"]
[Source "ChessBase"]
[SourceDate "2020.10.23"]
[SourceVersion "1"]
[SourceVersionDate "2020.10.23"]
[SourceQuality "1"]

1. d4 d5 2. c4 c6 3. cxd5 cxd5 4. Nf3 Nf6 5. g3 g6 6. Bg2 Bg7 7. 0-0 Ne4 8. Nc3 Bf5 9. Nh4 Bg4 10. Nxe4 dxe4 11. Bxe4 Bh3 12. Re1 Nc6 13. e3 e6 14. Qa4 Qd7 15. Nf3 Bf5 16. Bxf5 gxf5 17. b4 a6 18. Rb1 0-0 19. Bb2 a5 20. d5 Bxb2 21. dxc6 Qxc6 22. Qxc6 bxc6 23. Rxb2 Rfb8 24. Reb1 axb4 25. Rxb4 Rxb4 26. Rxb4 c5 27. Rc4 Rc8 28. a4 Kg7 29. a5 Kf6 30. Nd4 Ke5 31. a6 Ke4 32. Nb5+ Kd3 33. Kg2 Kxc4 34. Nd6+ Kb4 35. Nxc8 Ka5 36. a7 c4 37. a8Q+ Kb4 38. Qb7+ Kc3 39. Nd6 Kd3 40. Nxc4 Kxc4 41. Qxf7 1-0